01133 2200313 4500001002100000005001500021035002000036007000300056008004100059040002200100100003100122245023800153300004400391504003000435020002200465082001700487084001900504090002200523250002400545264003700569336002100606337003000627338002300657650005200680700003100732850001200763999002200775990002200797INLIS00000000087649120240826011412 a0010-0223000359ta230217 2022 yoia g ind d aYOPDYOGbinderda0 aMiratul Hasanahepengarang10aMikrobiologi kesehatan SMK/MAK kelas XI :bbidang keahlian kesehatan dan pekerjaan sosial, program keahlian teknologi laboratorium medik, kompetensi keahlian teknologi laboratorium medik /cMiratul Hasanah; penyunting, Yosephin Linda axvi, 272 halaman :bgambar, tabel ;c25 aBibliografi : halaman 267 a978-623-01-1819-704223a616.0107 a616.0107 MIR m aCB-D.11 2022-2096 aEdisi pertama: 202231aYogyakarta :bAndi Offset,c2022 2rdacontentateks 2rdamediaatanpa perantara 2rdacarrieravolume 4aMikrobiologi Kedokteran--xStudi dan Pengajaran0 aYosephin Lindaepenyunting aYOPDYOG aCB-D.11/2022-2096 aCB-D.11/2022-2096